000 00673nam a2200241Ia 4500
003 OSt
005 20221007110204.0
006 a|||||r|||| 00| 0
007 ta
008 221006b |||||||| |||| 00| 0 eng d
024 _a20,575
037 _cTextual
040 _aLCO
_cLCO
_beng
041 _2eng
_aeng
082 _aZ1,6, L5
100 _aJackson David C.
_9683185
245 0 _aConflicts Process
_b Jurisdiction and Choice in Private International Law
260 _aNew
_bYork Oceana Publications USA
_c1975
300 _a408
650 _aCONFLICT
_9707195
942 _hZ1,6, L5
_cTEXL
999 _c1190138
_d1190138